000 00936cam a2200289 a 4500
999 _c533915
_d533915
001 16226075
003 Nust
005 20200124103841.0
008 100511r19291868nyua 000 0 eng
010 _a 2010398912
020 _a9781864760798
038 _aMSOHAIL
040 _aDLC
_cDLC
041 1 _aeng
_hper
042 _apcc
050 0 0 _aPK6513
_b.A1 1929b
082 _a891.551
_bPEN
245 1 0 _aThe Rubaiyat of Omar Khayyam :
_bthe astronomer-poet of Persia /
_crendered into English verse ; illustrations in color by Andrew Peno
260 _aNew York :
_bWiiley Book Co.
_c1996.
300 _a76 p. :
_bill. ;
_c18 cm.
500 _aText of E. FitzGerald's 5th version.
700 1 _aHenkel, August,
_d1880-
_927967
700 1 _aFitzGerald, Edward,
_d1809-1883.
_927968
906 _a7
_bcbc
_corignew
_d2
_encip
_f20
_gy-gencatlg
942 _2ddc
_cBK